01206nam a2200277 a 450000100100000000500170001000800410002702000180006804000250008608200150011110000240012624502110015025000240036126000480038530000280043349000100046159000260047170000430049770000350054070000260057571000610060183000170066295201190067995201130079899900170091100004693720201002053227.0091120s2016 dr a r 001 0 spa d z9789945599334 aDO-SdBNPbspacBNPHU axxxxbxxxx1 aSoto, Gisela97485310aCaligrafía & valores 5 :bquinto grado, segundo ciclo educación primaria /cGisela Soto, actualización María del Jesús de la Rosa ; corrección de texto Danilda Pérez ; ilustración Henry Cid. a3a. ed. rev. y act. aSanto Domingo :bActualidad escolar,c2016. a112 p. :bil. ;c28 cm.1 aVeraz aInventariado, 2018/VM1 aJesús de la Rosa, María del9298331 aPérez, Danildaecorr.9737781 aCid., Henryeil.93462 aActualidad escolar 2000, (República Dominicana)973571 0aVeraz974848 0010718PDaPDbPDcHDd2018-04-09iLF1l0oxxxx xxxxp46937-10r2020-06-25te. 2w2020-06-25yLFPDZNo se presta 0010718PDaPDbPDcHDd2018-04-10iLF1l0oxxxx xxxxp46937-20r2020-06-25w2020-06-25yLFPDZNo se presta c46425d46425